000 006910000a22002050004500
090 _aAR
_b00273
245 1 0 _aKaryology, morphology, and ecology of Thomasomys laniger and T. niveipes (<Rodentia>) in Colombia
650 1 4 _aFauna
_992594
650 1 4 _aMamíferos
_992510
650 1 4 _aCariología
_993127
650 1 4 _aMorfología
_992917
650 1 4 _aEcología
_992250
651 4 _lReserva biológica Carpanta
_dCundinamarca
_pColombia
_992749
653 _gThomasomis
_eThomasomys laniger
653 _gThomasonys
_eThomasomys niveipes
041 0 _aInglés
100 1 _aGómez Laverde, Marcela
_993128
942 _cARTICULO
773 1 _tJournal of Mammalogy
_3106
_h4
_q1282-1289
_d1997
_g78
999 _c9373
_d9373